[Event "San Jose op"]
[Site "San Jose"]
[Date "2013.06.30"]
[Round "3"]
[White "Flores Rojas, Federico"]
[Black "Nunez Valverde, Jairo"]
[Result "0-1"]
[WhiteElo "1979"]
[BlackElo "1934"]
[PlyCount "108"]
[EventDate "2013.06.29"]
[EventType "swiss"]
[EventRounds "9"]
[EventCountry "CRI"]
[SourceTitle "EXT 2014"]
[Source "ChessBase"]
[SourceDate "2013.11.20"]
[SourceVersion "1"]
[SourceVersionDate "2013.11.20"]
[SourceQuality "1"]

1. d4 Nf6 2. c4 d6 3. Nf3 Bg4 4. Nc3 Nbd7 5. h3 Bxf3 6. exf3 g6 7. g3 Bg7 8. Bg2 c6 9. 0-0 0-0 10. f4 e5 11. Be3 exf4 12. Bxf4 Nb6 13. b3 Nh5 14. Be3 Re8 15. Qd2 Rc8 16. Rad1 Qe7 17. Rfe1 Qf8 18. a4 Rc7 19. g4 Nf6 20. g5 Nh5 21. a5 Nc8 22. d5 c5 23. Ne4 f5 24. gxf6 Nxf6 25. Ng5 Rce7 26. Ne6 Qf7 27. Bg5 Bh8 28. Re3 Rd7 29. Rde1 Ne7 30. Be4 Nxe4 31. Rxe4 Nf5 32. Bf4 Nh4 33. Qe3 Nf5 34. Qd3 Rc8 35. Ng5 Qf8 36. Ne6 Qf7 37. Qf3 Nh4 38. Qg4 Nf5 39. Ng5 Qf8 40. h4 h6 41. Ne6 Qf6 42. h5 g5 43. Bc1 Nh4 44. f4 Rf7 45. R1e2 Qf5 46. Qg3 Kh7 47. Kh2 Rg8 48. Qh3 gxf4 49. Nxf4 Qxh3+ 50. Kxh3 Nf3 51. Ng6 Ng1+ 52. Kg2 Nxe2 53. Rxe2 Be5 54. Bd2 Rf5 0-1

[Event "CRI-chT"]
[Site "San Jose"]
[Date "2012.07.28"]
[Round "7.3"]
[White "Flores Rojas, Federico"]
[Black "Machado Ramirez, Allan"]
[Result "1/2-1/2"]
[WhiteElo "1929"]
[BlackElo "2046"]
[PlyCount "65"]
[EventDate "2012.07.22"]
[EventType "team-tourn"]
[EventRounds "9"]
[EventCountry "CRI"]
[SourceTitle "EXT 2013"]
[Source "ChessBase"]
[SourceDate "2012.11.22"]
[SourceVersion "1"]
[SourceVersionDate "2012.11.22"]
[SourceQuality "1"]
[WhiteTeam "Costa Rica Univ"]
[BlackTeam "Cartago Las Brumas"]
[WhiteTeamCountry "CRI"]
[BlackTeamCountry "CRI"]

1. c4 e6 2. g3 d5 3. Bg2 c6 4. Nf3 Nf6 5. 0-0 Bd6 6. d4 0-0 7. Qc2 Nbd7 8. Nbd2 e5 9. cxd5 Nxd5 10. Nc4 Qe7 11. Nxd6 Qxd6 12. Rd1 Qe7 13. a3 e4 14. Ne5 f5 15. f3 Nxe5 16. dxe5 exf3 17. Bxf3 Qxe5 18. Bxd5+ cxd5 19. Bf4 Qe4 20. Rd3 Be6 21. Qd2 Qa4 22. Rc1 Rac8 23. Rdc3 Rc6 24. Rxc6 bxc6 25. Qc3 Qe4 26. Qd3 Bd7 27. Qxe4 fxe4 28. e3 h6 29. h4 Rf7 30. Rc5 Be8 31. Kg2 Rb7 32. b4 Kf7 33. Be5 1/2-1/2

[Event "CRI-chT"]
[Site "San Jose"]
[Date "2012.07.28"]
[Round "8.3"]
[White "Zumbado Gutierrez, Marco Antonio"]
[Black "Flores Rojas, Federico"]
[Result "1-0"]
[WhiteElo "2042"]
[BlackElo "1929"]
[PlyCount "83"]
[EventDate "2012.07.22"]
[EventType "team-tourn"]
[EventRounds "9"]
[EventCountry "CRI"]
[SourceTitle "EXT 2013"]
[Source "ChessBase"]
[SourceDate "2012.11.22"]
[SourceVersion "1"]
[SourceVersionDate "2012.11.22"]
[SourceQuality "1"]
[WhiteTeam "Mapache"]
[BlackTeam "Costa Rica Univ"]
[WhiteTeamCountry "CRI"]
[BlackTeamCountry "CRI"]

1. e4 c5 2. Nf3 d6 3. Bb5+ Bd7 4. Bxd7+ Qxd7 5. 0-0 g6 6. Qe2 Bg7 7. Rd1 Nc6 8. c3 d5 9. e5 d4 10. d3 e6 11. Nbd2 Nge7 12. Nb3 b6 13. cxd4 Nxd4 14. Nbxd4 cxd4 15. b3 0-0 16. Ba3 Rfd8 17. Bxe7 Qxe7 18. Qe4 Rac8 19. Rdc1 Qa3 20. Qf4 f5 21. exf6 Bxf6 22. Rxc8 Rxc8 23. g4 Qe7 24. g5 Bg7 25. Re1 Rf8 26. Qe4 Qf7 27. Kg2 e5 28. Rc1 Qe7 29. h4 Qd7 30. Nxe5 Bxe5 31. Qxe5 Qg4+ 32. Qg3 Qe2 33. a4 Qb2 34. Rc4 Qxb3 35. Rxd4 Qc2 36. Qe3 Qc6+ 37. Qe4 Qxe4+ 38. dxe4 Re8 39. f4 Re7 40. Kf3 Rc7 41. f5 Rc3+ 42. Kg4 1-0